[Event "Ct. Catalunya juvenil"]
[Site "?"]
[Date "2011.04.21"]
[Round "3"]
[White "Panella Navarro, S."]
[Black "Solani Nuñez, J."]
[Result "1-0"]
[WhiteElo "2088"]
[BlackElo "1886"]
[PlyCount "69"]
[EventDate "2011.??.??"]
[EventType "swiss"]
[EventRounds "8"]

1. e4 c5 2. Nf3 Nc6 3. d4 cxd4 4. Nxd4 g6 5. Nc3 Bg7 6. Be3 Nf6 7. Bc4 d6 8. f3
Qb6 9. Ncb5 Qa5+ 10. c3 a6 11. Na3 Bd7 12. Qd2 Rc8 13. Bb3 b5 14. Nac2 Ne5 15.
O-O O-O 16. Bh6 Nc4 17. Bxc4 Rxc4 18. Bxg7 Kxg7 19. Qg5 Rc5 20. Qg3 Qb6 21. Kh1
Rh5 22. Rae1 e5 23. Nb3 Re8 24. Qf2 Qc7 25. Ne3 Bc6 26. g4 Nxe4 27. fxe4 Bxe4+
28. Ng2 Bxg2+ 29. Qxg2 Rh4 30. Qf3 Qe7 31. Nd2 h5 32. g5 Rf4 33. Qxf4 exf4 34.
Rxe7 Rxe7 35. Rxf4 1-0

[Event "Ct. Catalunya juvenil"]
[Site "?"]
[Date "2011.04.21"]
[Round "3"]
[White "Pruja Ramirez de Cartagena, M."]
[Black "Bals Hernandez, J."]
[Result "1/2-1/2"]
[WhiteElo "2248"]
[BlackElo "2061"]
[PlyCount "112"]
[EventDate "2011.??.??"]
[EventType "swiss"]
[EventRounds "8"]

1. e4 c5 2. Nf3 Nc6 3. d4 cxd4 4. Nxd4 g6 5. Nc3 Bg7 6. Be3 Nf6 7. Bc4 O-O 8.
Bb3 d6 9. f3 Bd7 10. Qd2 Na5 11. O-O-O Nxb3+ 12. cxb3 Qa5 13. Kb1 b5 14. Nd5
Qd8 15. Bh6 Nxd5 16. Bxg7 Kxg7 17. exd5 e5 18. dxe6 fxe6 19. h4 Qf6 20. Ne2 d5
21. h5 gxh5 22. Ka1 Be8 23. Rc1 a5 24. Qd4 a4 25. Qxf6+ Rxf6 26. b4 Rd8 27.
Rhd1 Rf7 28. Rc5 Kf6 29. Nd4 Rb7 30. f4 Rg7 31. Rd2 Rg4 32. Rf2 Bg6 33. a3 Be4
34. Rxb5 Rxg2 35. Rxg2 Bxg2 36. Rb6 Bh3 37. Rc6 Rg8 38. b3 axb3 39. Kb2 Bf5 40.
b5 h4 41. Nxf5 Kxf5 42. a4 d4 43. b6 h3 44. Rc1 Kxf4 45. a5 Rb8 46. Rf1+ Kg3
47. Rf7 h5 48. Rh7 Kh4 49. Rf7 h2 50. Rf1 Kg3 51. Rd1 Kg2 52. Rd2+ Kg1 53. Rd1+
Kf2 54. Rd2+ Kg3 55. Rd3+ Kg2 56. Rd2+ Kg3 1/2-1/2

[Event "Ct. Catalunya juvenil"]
[Site "?"]
[Date "2011.04.21"]
[Round "3"]
[White "Rodriguez Adell, A."]
[Black "Coll Ortega, J."]
[Result "1/2-1/2"]
[WhiteElo "2006"]
[BlackElo "2283"]
[PlyCount "45"]
[EventDate "2011.??.??"]
[EventType "swiss"]
[EventRounds "8"]

1. d4 Nf6 2. c4 e6 3. Nf3 c5 4. g3 cxd4 5. Nxd4 Nc6 6. Nc2 d5 7. cxd5 exd5 8.
Bg2 Be6 9. O-O Bc5 10. Nc3 O-O 11. Bg5 h6 12. Bxf6 Qxf6 13. Na4 Bb6 14. Nxb6
axb6 15. Bxd5 Rfd8 16. e4 Bxd5 17. exd5 Ra5 18. Ne3 Nb4 19. d6 Qe6 20. Qd2 Nc6
21. Rfd1 Rxa2 22. Rxa2 Qxa2 23. Nd5 1/2-1/2

[Event "Ct. Catalunya juvenil"]
[Site "?"]
[Date "2011.04.21"]
[Round "3"]
[White "Sanchez Urpi, O."]
[Black "Cano Egea, JM."]
[Result "1-0"]
[WhiteElo "1962"]
[BlackElo "1440"]
[PlyCount "71"]
[EventDate "2011.??.??"]
[EventType "swiss"]
[EventRounds "8"]

1. e4 e5 2. Bc4 Nc6 3. d3 d6 4. f4 exf4 5. Bxf4 Be7 6. Nf3 Nf6 7. Nc3 O-O 8.
O-O Bg4 9. h3 Bh5 10. Qd2 Bxf3 11. Rxf3 Ne5 12. Bxe5 dxe5 13. Raf1 h5 14. Kh2
a6 15. Nd5 b5 16. Bb3 c6 17. Nxe7+ Qxe7 18. Rf5 a5 19. a3 a4 20. Ba2 Rad8 21.
Qg5 Rd6 22. Rxe5 Qc7 23. Kh1 Nh7 24. Qxh5 Rh6 25. Rxf7 Rxf7 26. Re8+ Nf8 27.
Qc5 Rd6 28. e5 Qd7 29. Rxf8+ Kxf8 30. Bxf7 Kxf7 31. Qxd6 Qxd6 32. exd6 Ke6 33.
d7 Kxd7 34. g4 g5 35. h4 gxh4 36. Kh2 1-0

[Event "Ct. Catalunya juvenil"]
[Site "?"]
[Date "2011.04.21"]
[Round "3"]
[White "Subirats Ruiz, S."]
[Black "Fernandez Diaz, C."]
[Result "1/2-1/2"]
[WhiteElo "2206"]
[BlackElo "2052"]
[PlyCount "77"]
[EventDate "2011.??.??"]
[EventType "swiss"]
[EventRounds "8"]

1. e4 c5 2. Qe2 Nc6 3. g3 d6 4. c3 e5 5. Bg2 Nf6 6. Na3 Be7 7. f4 O-O 8. Nf3
exf4 9. gxf4 Re8 10. O-O Bf8 11. d3 Rb8 12. c4 a6 13. Bd2 g6 14. Qf2 Bg7 15.
Rab1 Bg4 16. Nc2 b5 17. b3 bxc4 18. bxc4 Qc7 19. Rxb8 Rxb8 20. e5 Nd7 21. Ng5
h6 22. Ne4 dxe5 23. Nxc5 Rb2 24. Nxa6 Qc8 25. Nab4 Nxb4 26. Nxb4 exf4 27. Qxf4
Be6 28. Nc6 Qa6 29. Bd5 Bxd5 30. Ne7+ Kh7 31. Nxd5 Qxa2 32. Rf2 Ne5 33. d4 Rxd2
34. dxe5 Rxf2 35. Qxf2 Qxc4 36. Qxf7 Qd4+ 37. Kg2 Qxe5 38. Ne7 Qg5+ 39. Kh1
1/2-1/2

[Event "Ct. Catalunya juvenil"]
[Site "?"]
[Date "2011.04.21"]
[Round "3"]
[White "Triadu Cassa, J."]
[Black "Fernandez Soriano, R."]
[Result "1-0"]
[WhiteElo "2042"]
[BlackElo "2080"]
[PlyCount "113"]
[EventDate "2011.??.??"]
[EventType "swiss"]
[EventRounds "8"]

1. e4 d5 2. exd5 Nf6 3. d4 Nxd5 4. c4 Nf6 5. Nf3 c6 6. Nc3 Bg4 7. Be2 e6 8. h3
Bh5 9. O-O Bd6 10. Ne5 Bxe2 11. Qxe2 O-O 12. Bg5 h6 13. Bh4 Be7 14. Rad1 Nbd7
15. f4 Rc8 16. Rfe1 a6 17. f5 Re8 18. fxe6 fxe6 19. Nxd7 Qxd7 20. Qxe6+ Qxe6
21. Rxe6 Kf7 22. Rde1 Bb4 23. Rxe8 Rxe8 24. Rxe8 Nxe8 25. Ne4 Ke6 26. Kf2 b5
27. cxb5 axb5 28. Bg3 Kd5 29. Ke3 Be7 30. Kd3 Nf6 31. Nc3+ Ke6 32. Be5 g5 33.
Bxf6 Bxf6 34. g4 h5 35. Ke4 hxg4 36. hxg4 Be7 37. d5+ cxd5+ 38. Nxd5 Bd6 39.
Nc3 b4 40. Nb5 Be5 41. Nd4+ Kd6 42. b3 Bf4 43. Nc2 Kc5 44. Ne1 Bd2 45. Nf3 Bc1
46. Ne5 Bd2 47. Nd3+ Kb5 48. Kd5 Be3 49. Ne5 Bf4 50. Nc6 Bd2 51. Nd4+ Ka5 52.
Kc5 Be3 53. Kc4 Kb6 54. Nc2 Bd2 55. Nxb4 Kc7 56. a4 Kd6 57. Nd3 1-0

[Event "Ct. Catalunya juvenil"]
[Site "?"]
[Date "2011.04.21"]
[Round "3"]
[White "Vicente Bessen, K."]
[Black "Ventura Bolet, A."]
[Result "1/2-1/2"]
[WhiteElo "1690"]
[BlackElo "1740"]
[PlyCount "71"]
[EventDate "2011.??.??"]
[EventType "swiss"]
[EventRounds "8"]

1. d4 Nf6 2. c4 c5 3. d5 b5 4. Nd2 d6 5. e4 b4 6. b3 g6 7. Bb2 Nbd7 8. Ngf3 Bg7
9. Bd3 O-O 10. O-O a5 11. Re1 Ng4 12. Bxg7 Kxg7 13. h3 Nge5 14. Nxe5 Nxe5 15.
Nf3 f6 16. Nxe5 fxe5 17. h4 e6 18. h5 Qh4 19. Rf1 exd5 20. hxg6 hxg6 21. cxd5
Rh8 22. f3 Bh3 23. Qe1 Qg5 24. Qe2 Rh4 25. Rad1 Rah8 26. Qd2 Qg3 27. Qf2 Qf4
28. Qd2 Qxd2 29. Rxd2 Bd7 30. Kf2 g5 31. Be2 Rh2 32. Rg1 Rh1 33. Rxh1 Rxh1 34.
Rd1 Rxd1 35. Bxd1 Kf6 36. Be2 1/2-1/2

[Event "Ct. Catalunya juvenil"]
[Site "?"]
[Date "2011.04.21"]
[Round "3"]
[White "Vives Jaume, O."]
[Black "Ventura Bolet, M."]
[Result "1/2-1/2"]
[WhiteElo "1867"]
[BlackElo "1987"]
[PlyCount "125"]
[EventDate "2011.??.??"]
[EventType "swiss"]
[EventRounds "8"]

1. d4 Nf6 2. c4 e6 3. Nc3 Bb4 4. e3 O-O 5. Bd3 d5 6. Nge2 Bd6 7. cxd5 exd5 8.
Qc2 c6 9. f3 c5 10. Nb5 c4 11. Bf5 Bxf5 12. Qxf5 Qa5+ 13. Nbc3 b5 14. e4 b4 15.
Nd1 b3+ 16. Ndc3 Bb4 17. O-O Nc6 18. Be3 Bxc3 19. Nxc3 bxa2 20. e5 Ne8 21. Rxa2
Qb6 22. Rfa1 Nb4 23. Ra5 Nc7 24. Rc5 Nd3 25. Rxc7 Qxc7 26. Nxd5 Qb8 27. Bh6 f6
28. Qg4 Kf7 29. e6+ Ke8 30. Qxg7 Qd6 31. Nc7+ Kd8 32. Qxf8+ Qxf8 33. Bxf8 Kxc7
34. e7 Kd7 35. h4 a5 36. e8=Q+ Kxe8 37. Ba3 Rb8 38. Kf1 Kf7 39. d5 Rb5 40. d6
Ke6 41. Rd1 Kd7 42. Rd2 Rh5 43. g3 Rb5 44. Kg2 Nb4 45. Rd4 Nc2 46. Re4 Nxa3 47.
bxa3 c3 48. Rc4 Rb2+ 49. Kf1 c2 50. Ke1 Kxd6 51. Kd2 Rb3 52. Ra4 Rxf3 53. Kxc2
Rf5 54. Kd3 Re5 55. Rd4+ Ke6 56. Re4 Kf5 57. g4+ Ke6 58. Ke3 Kd5 59. Rxe5+ Kxe5
60. a4 Kd5 61. Kd3 Kc5 62. Kc3 h6 63. h5 1/2-1/2

[Event "Ct. Catalunya juvenil"]
[Site "?"]
[Date "2011.04.22"]
[Round "4"]
[White "Bals Hernandez, J."]
[Black "Palomo Teruel, X."]
[Result "0-1"]
[WhiteElo "2061"]
[BlackElo "2052"]
[PlyCount "82"]
[EventDate "2011.??.??"]
[EventType "swiss"]
[EventRounds "8"]

1. d4 d5 2. c4 c6 3. cxd5 cxd5 4. Nc3 Nc6 5. Bf4 e6 6. e3 Bd6 7. Bxd6 Qxd6 8.
Bd3 Nf6 9. f4 a6 10. Rc1 b5 11. Nf3 Bb7 12. O-O O-O 13. Ne5 Ne7 14. Qf3 Nd7 15.
Qh5 Nf6 16. Qf3 Nd7 17. Qg3 Nf6 18. Rc2 Ne4 19. Qf3 f6 20. Ng4 f5 21. Ne5 Nc6
22. Rcc1 Nd2 23. Qg3 Nxf1 24. Rxf1 Nxe5 25. fxe5 Qe7 26. h4 Bc6 27. Ne2 b4 28.
Nf4 Bb5 29. Rf2 Bxd3 30. Nxd3 Rfc8 31. Nc5 Rxc5 32. dxc5 Qxc5 33. Qf4 h6 34. b3
Rd8 35. g4 d4 36. gxf5 dxe3 37. Re2 Rd1+ 38. Kh2 Rd2 39. Rg2 Rxg2+ 40. Kxg2 e2
41. fxe6 e1=Q 0-1

[Event "Ct. Catalunya juvenil"]
[Site "?"]
[Date "2011.04.22"]
[Round "4"]
[White "Bulto Gonzalvo, R."]
[Black "Forsberg Conde, M."]
[Result "1-0"]
[WhiteElo "1873"]
[BlackElo "2052"]
[PlyCount "59"]
[EventDate "2011.??.??"]
[EventType "swiss"]
[EventRounds "8"]

1. e4 e5 2. Nf3 Nc6 3. d4 exd4 4. Bc4 Nf6 5. O-O d6 6. Nxd4 Be7 7. Nc3 O-O 8.
b3 Ne5 9. Be2 Re8 10. Bb2 Bf8 11. Re1 Bd7 12. Qd2 g6 13. f4 Nc6 14. Bf3 Bg7 15.
Nxc6 Bxc6 16. Rab1 a5 17. Nd5 Nxd5 18. exd5 Bxb2 19. dxc6 Qf6 20. cxb7 Qd4+ 21.
Qxd4 Bxd4+ 22. Kf1 Rab8 23. Bc6 Re6 24. Re4 Rxe4 25. Bxe4 Kf8 26. a4 Bc3 27.
Ke2 Ke7 28. Kd3 Bg7 29. Bc6 d5 30. Re1+ 1-0

[Event "Ct. Catalunya juvenil"]
[Site "?"]
[Date "2011.04.22"]
[Round "4"]
[White "Cano Egea, JM."]
[Black "Alquezar Calpena, M."]
[Result "1-0"]
[WhiteElo "1440"]
[BlackElo "1800"]
[PlyCount "43"]
[EventDate "2011.??.??"]
[EventType "swiss"]
[EventRounds "8"]

1. e4 c5 2. Nf3 Nc6 3. c3 e6 4. d4 cxd4 5. cxd4 d5 6. exd5 Qxd5 7. Nc3 Bb4 8.
a3 Bxc3+ 9. bxc3 b5 10. Be2 Nf6 11. O-O Bb7 12. Rb1 a6 13. c4 Qe4 14. Be3 Na7
15. a4 bxc4 16. Bxc4 O-O 17. Qb3 Bd5 18. Bxd5 Qxd5 19. Rfc1 Rfc8 20. Rxc8+ Rxc8
21. Qb6 Nc6 22. Qxa6 1-0

[Event "Ct. Catalunya juvenil"]
[Site "?"]
[Date "2011.04.22"]
[Round "4"]
[White "Cervello Tost, R."]
[Black "Nieto Farreny, F."]
[Result "0-1"]
[WhiteElo "1661"]
[BlackElo "2044"]
[PlyCount "100"]
[EventDate "2011.??.??"]
[EventType "swiss"]
[EventRounds "8"]

1. e4 c5 2. d4 cxd4 3. c3 Nf6 4. e5 Nd5 5. cxd4 d6 6. Nf3 e6 7. Bc4 Nb6 8. Bb3
dxe5 9. dxe5 Qxd1+ 10. Bxd1 Bb4+ 11. Bd2 Nc6 12. O-O Bd7 13. Bxb4 Nxb4 14. Nc3
Ke7 15. Be2 Rac8 16. a3 N4d5 17. Nxd5+ Nxd5 18. Rac1 Nf4 19. Nd4 Nxe2+ 20. Nxe2
Bb5 21. Rxc8 Rxc8 22. Rc1 Rxc1+ 23. Nxc1 Kd7 24. f4 Kc6 25. Kf2 Kd5 26. Ke3 Kc4
27. g4 Bc6 28. f5 Kd5 29. Kf4 Kd4 30. h4 Ba4 31. h5 Bd1 32. Na2 exf5 33. Kxf5
Bb3 34. Nc3 Be6+ 35. Kf4 Kc4 36. Ne4 b5 37. Nd6+ Kc5 38. Ne4+ Kd5 39. Ng5 h6
40. Nxe6 fxe6 41. b3 a5 42. g5 Kd4 43. a4 bxa4 44. gxh6 gxh6 45. bxa4 Kd5 46.
Kf3 Kxe5 47. Ke3 Kd5 48. Kd3 Ke5 49. Ke3 Kf5 50. Kf3 Kg5 0-1

[Event "Ct. Catalunya juvenil"]
[Site "?"]
[Date "2011.04.22"]
[Round "4"]
[White "Coll Ortega, J."]
[Black "Sanchez Urpi, O."]
[Result "1/2-1/2"]
[WhiteElo "2283"]
[BlackElo "1962"]
[PlyCount "98"]
[EventDate "2011.??.??"]
[EventType "swiss"]
[EventRounds "8"]

1. d4 Nf6 2. c4 g6 3. Nf3 Bg7 4. g3 d6 5. Bg2 O-O 6. O-O Nc6 7. Nc3 e5 8. d5
Ne7 9. e4 Nd7 10. Ne1 f5 11. Nd3 Nf6 12. f4 fxe4 13. Nxe4 Nxe4 14. Bxe4 Nf5 15.
fxe5 dxe5 16. b3 c6 17. Ba3 Re8 18. Qf3 cxd5 19. cxd5 Nd4 20. Qf7+ Kh8 21. Rf2
Bf5 22. Re1 Bxe4 23. Rxe4 Nb5 24. Bb4 a5 25. Bc5 b6 26. Be3 Nd6 27. Qf3 Rf8 28.
Qg2 Rxf2 29. Bxf2 Nxe4 30. Qxe4 Qd6 31. Nb2 Rd8 32. Nc4 Qxd5 33. Qxd5 Rxd5 34.
Bxb6 Rd1+ 35. Kf2 Ra1 36. a4 Ra2+ 37. Kf3 Rxh2 38. Bxa5 Rc2 39. Bd2 Ra2 40. a5
Bf8 41. Ke4 Bd6 42. Kd5 Bb8 43. b4 e4 44. b5 Bxg3 45. Kxe4 h5 46. b6 h4 47.
Bc3+ Kh7 48. Be5 Bxe5 49. Kxe5 h3 1/2-1/2

[Event "Ct. Catalunya juvenil"]
[Site "?"]
[Date "2011.04.22"]
[Round "4"]
[White "Fernandez Diaz, C."]
[Black "Colon Garcia, E."]
[Result "0-1"]
[WhiteElo "2052"]
[BlackElo "2288"]
[PlyCount "76"]
[EventDate "2011.??.??"]
[EventType "swiss"]
[EventRounds "8"]

1. d4 Nf6 2. Bg5 e6 3. e4 h6 4. Bxf6 Qxf6 5. Nc3 d6 6. Qd2 g5 7. O-O-O Bg7 8.
g3 Nc6 9. Nge2 Bd7 10. f4 O-O-O 11. Bg2 Qe7 12. e5 dxe5 13. fxe5 Nb4 14. Qe3
Kb8 15. Rhf1 Rhf8 16. a3 Bc6 17. Bxc6 Nxc6 18. Ne4 f6 19. exf6 Bxf6 20. c3 b6
21. g4 Na5 22. N2g3 Bh8 23. Qe2 Rfe8 24. Rf3 Rd5 25. Nd2 e5 26. Nc4 Nxc4 27.
Qxc4 Qd7 28. Rf5 Rd8 29. Re1 Kb7 30. Kc2 exd4 31. Re7 d3+ 32. Kd2 Qxe7 33. Rxd5
Qf7 34. Rd4 Qf2+ 35. Kxd3 Bxd4 36. cxd4 Qxh2 37. Nf1 Qh3+ 38. Ne3 h5 0-1

[Event "Ct. Catalunya juvenil"]
[Site "?"]
[Date "2011.04.22"]
[Round "4"]
[White "Fernandez Soriano, R."]
[Black "Vives Jaume, O."]
[Result "1-0"]
[WhiteElo "2080"]
[BlackElo "1867"]
[PlyCount "151"]
[EventDate "2011.??.??"]
[EventType "swiss"]
[EventRounds "8"]

1. Nf3 Nf6 2. g3 g6 3. Bg2 Bg7 4. O-O O-O 5. c4 c6 6. d3 d5 7. Nbd2 Re8 8. Qc2
e5 9. e4 dxe4 10. dxe4 Qc7 11. c5 Na6 12. a3 Nd7 13. b4 b6 14. Nb3 bxc5 15.
bxc5 Rb8 16. Be3 Nf6 17. Rfd1 Be6 18. Nbd2 Ng4 19. Bf1 Nxe3 20. fxe3 Qc8 21.
Nc4 Bxc4 22. Qxc4 Nc7 23. Ng5 Re7 24. Nf3 Qe8 25. a4 Rd8 26. Rd6 Ne6 27. Rad1
Red7 28. Bh3 Bf8 29. Rxd7 Rxd7 30. Rxd7 Qxd7 31. Bxe6 Qxe6 32. Qxe6 fxe6 33.
Nxe5 Bxc5 34. Kf2 Kg7 35. Nxc6 Kf6 36. e5+ Kf7 37. Kf3 Ke8 38. Kf4 Kd7 39. Nd4
h6 40. h4 Be7 41. Ke4 Bd8 42. Nb5 a6 43. Nd4 Be7 44. Kd3 Bd8 45. Ne2 Bc7 46.
Ke4 Ke7 47. g4 g5 48. hxg5 hxg5 49. Nd4 Kd7 50. Nf3 Bd8 51. Kd4 Bb6+ 52. Kd3
Bd8 53. Kc4 Be7 54. Nd4 Ba3 55. Nc2 Be7 56. Nb4 a5 57. Nc2 Bd8 58. Nd4 Bc7 59.
Nf3 Bb6 60. Nd4 Bc7 61. Kb5 Bxe5 62. Kxa5 Kd6 63. Nf3 Bf6 64. Kb5 Kd5 65. Nd2
Bc3 66. Nf3 Ke4 67. Nxg5+ Kxe3 68. Nxe6 Ke4 69. Nc7 Bd2 70. Na6 Kf4 71. Nb4
Kxg4 72. a5 Kf5 73. a6 Be3 74. Nd5 Ba7 75. Kc6 Ke6 76. Nb6 1-0

[Event "Ct. Catalunya juvenil"]
[Site "?"]
[Date "2011.04.22"]
[Round "4"]
[White "Gotes Perez, J."]
[Black "Vicente Bessen, K."]
[Result "1-0"]
[WhiteElo "1790"]
[BlackElo "1690"]
[PlyCount "75"]
[EventDate "2011.??.??"]
[EventType "swiss"]
[EventRounds "8"]

1. e4 e6 2. d4 d5 3. Nc3 Bb4 4. Nge2 c5 5. a3 Bxc3+ 6. Nxc3 cxd4 7. Qxd4 Nf6 8.
Bg5 Nc6 9. Bb5 dxe4 10. Qxd8+ Kxd8 11. Nxe4 Ke7 12. O-O-O Nd8 13. Rhe1 a6 14.
Ng3 axb5 15. Nf5+ Ke8 16. Nxg7+ Kf8 17. Rxd8+ Kxg7 18. Bxf6+ Kxf6 19. Rxh8 Kg7
20. Re8 b6 21. Rd1 Bb7 22. Rxa8 Bxa8 23. f3 Bd5 24. Rxd5 exd5 25. Kd2 Kf6 26.
Ke3 Ke5 27. g3 f5 28. f4+ Ke6 29. h3 h5 30. Kf3 Kf6 31. g4 hxg4+ 32. hxg4 Ke6
33. g5 Ke7 34. Ke3 Kd6 35. Kd4 Ke6 36. g6 Kf6 37. Kxd5 Kxg6 38. Ke5 1-0

[Event "Ct. Catalunya juvenil"]
[Site "?"]
[Date "2011.04.22"]
[Round "4"]
[White "Martin Perez, L."]
[Black "Frances Cuscullola, O."]
[Result "1/2-1/2"]
[WhiteElo "1856"]
[BlackElo "2077"]
[PlyCount "95"]
[EventDate "2011.??.??"]
[EventType "swiss"]
[EventRounds "8"]

1. e4 e5 2. Nf3 Nf6 3. Nc3 Nc6 4. d4 exd4 5. Nxd4 Bb4 6. Nxc6 bxc6 7. Bd3 O-O
8. O-O Re8 9. Qf3 Qe7 10. Bg5 Qe5 11. Bf4 Qa5 12. Bd2 Qh5 13. Qxh5 Nxh5 14.
Rfe1 d6 15. a3 Ba5 16. b4 Bb6 17. Ne2 Nf6 18. Nc1 Ng4 19. Rf1 Ne5 20. Be2 Bg4
21. Re1 Bxe2 22. Rxe2 Bd4 23. c3 Bb6 24. Nb3 Nc4 25. Kf1 a5 26. Bc1 axb4 27.
axb4 Rxa1 28. Nxa1 c5 29. bxc5 Bxc5 30. Nb3 Bb6 31. Ra2 g6 32. f3 f5 33. exf5
gxf5 34. Re2 Re5 35. Nd4 Rd5 36. Nc6 Rd1+ 37. Re1 Rd3 38. Ne7+ Kf7 39. Nxf5
Rxc3 40. Bf4 Rc2 41. Re2 Rxe2 42. Kxe2 Kf6 43. Ne3 Bxe3 44. Bxe3 Nxe3 45. Kxe3
c5 46. g4 d5 47. f4 h5 48. h3 1/2-1/2

[Event "Ct. Catalunya juvenil"]
[Site "?"]
[Date "2011.04.22"]
[Round "4"]
[White "Martinez Ramirez, E."]
[Black "Pruja Ramirez de Cartagena, M."]
[Result "1/2-1/2"]
[WhiteElo "2173"]
[BlackElo "2248"]
[PlyCount "83"]
[EventDate "2011.??.??"]
[EventType "swiss"]
[EventRounds "8"]

1. e4 c5 2. Nf3 e6 3. d4 cxd4 4. Nxd4 a6 5. Bd3 g6 6. Be3 Bg7 7. c4 Ne7 8. Nc3
O-O 9. O-O Nbc6 10. Nxc6 Nxc6 11. Be2 d6 12. Qd2 Qa5 13. a3 Rd8 14. b4 Qc7 15.
Rac1 Bxc3 16. Rxc3 e5 17. Bg5 Nd4 18. Bf6 Kf8 19. Bd1 Be6 20. Bxd8 Rxd8 21. Qc1
Rc8 22. f4 Bxc4 23. f5 Nb5 24. Qh6+ Ke7 25. f6+ Ke8 26. Rxc4 Qxc4 27. Bg4 Rc6
28. Qxh7 Kd8 29. Qg8+ Kc7 30. a4 Qxe4 31. axb5 Rc2 32. Qc8+ Kb6 33. Qd8+ Kxb5
34. Qa5+ Kc4 35. Qc7+ Kb3 36. Qxf7+ Kb2 37. Bh3 Qe3+ 38. Kh1 Rc1 39. g3 Qf3+
40. Kg1 Qe3+ 41. Kh1 Qf3+ 42. Kg1 1/2-1/2

[Event "Ct. Catalunya juvenil"]
[Site "?"]
[Date "2011.04.22"]
[Round "4"]
[White "Muratet Carmona, J."]
[Black "Corrales Adamuz, C."]
[Result "1-0"]
[WhiteElo "1682"]
[BlackElo "1883"]
[PlyCount "49"]
[EventDate "2011.??.??"]
[EventType "swiss"]
[EventRounds "8"]

1. e4 e5 2. Nf3 Nc6 3. d4 exd4 4. Bc4 Bb4+ 5. c3 dxc3 6. O-O c2 7. Qxc2 Qe7 8.
a3 Bc5 9. Nc3 Ne5 10. Nxe5 Qxe5 11. Nd5 Bb6 12. Bf4 Qh5 13. Bxc7 Ne7 14. Nxb6
axb6 15. Bxb6 d6 16. Rad1 Qg6 17. Bb5+ Kf8 18. Qc7 Bh3 19. g3 Qxe4 20. f3 Qf5
21. Rfe1 Qxb5 22. Qxe7+ Kg8 23. Rxd6 h6 24. Bd4 Be6 25. Rexe6 1-0

[Event "Ct. Catalunya juvenil"]
[Site "?"]
[Date "2011.04.22"]
[Round "4"]
[White "Rojano Alfonso, C."]
[Black "Rodriguez Adell, A."]
[Result "1-0"]
[WhiteElo "2011"]
[BlackElo "2006"]
[PlyCount "73"]
[EventDate "2011.??.??"]
[EventType "swiss"]
[EventRounds "8"]

1. e4 c5 2. Nc3 a6 3. f4 b5 4. g3 Bb7 5. Qe2 g6 6. Bg2 Bg7 7. d3 Nc6 8. Nf3 d6
9. O-O b4 10. Nd5 e6 11. Ne3 Nge7 12. f5 exf5 13. exf5 O-O 14. Nh4 Nd4 15. Qf2
Bxg2 16. Qxg2 f6 17. fxg6 Nxg6 18. Qd5+ Kh8 19. Nhf5 Ne7 20. Qe4 Nexf5 21. Nxf5
Re8 22. Qg4 Nxf5 23. Rxf5 Re1+ 24. Rf1 Qe7 25. Bd2 Re2 26. Rae1 Re5 27. d4 cxd4
28. Bxb4 Bh6 29. Qxd4 Be3+ 30. Rxe3 Rxe3 31. Bxd6 Qe8 32. Qxf6+ Kg8 33. Qg5+
Qg6 34. Qd5+ Qe6 35. Qxa8+ Kg7 36. Qf8+ Kg6 37. Bf4 1-0

[Event "Ct. Catalunya juvenil"]
[Site "?"]
[Date "2011.04.22"]
[Round "4"]
[White "Sabria Batlle, P."]
[Black "Montiel Baeza, A."]
[Result "0-1"]
[WhiteElo "2211"]
[BlackElo "1908"]
[PlyCount "94"]
[EventDate "2011.??.??"]
[EventType "swiss"]
[EventRounds "8"]

1. e4 e6 2. d4 d5 3. Nc3 Bb4 4. e5 c5 5. a3 Bxc3+ 6. bxc3 Ne7 7. Nf3 Bd7 8. Be2
Qc7 9. O-O Ba4 10. Ra2 Nbc6 11. Re1 O-O-O 12. Bd3 c4 13. Bf1 h6 14. h4 Rdg8 15.
g3 Ng6 16. h5 Nf8 17. Bh3 Qe7 18. Nh4 Nh7 19. Bg4 Kb8 20. Bd2 Nd8 21. Kh2 g6
22. Ng2 f5 23. exf6 Nxf6 24. Nf4 Nxg4+ 25. Qxg4 gxh5 26. Qxh5 Qf6 27. Qe5+ Qxe5
28. Rxe5 Bd7 29. Re2 h5 30. f3 Kc7 31. Ra1 Kd6 32. Rae1 Rh7 33. Re5 Rgh8 34.
Ng6 Rg8 35. Bf4 Kc6 36. Ne7+ Rxe7 37. Rxh5 Nf7 38. g4 Rh8 39. Kg3 Ree8 40. Kh4
Rxh5+ 41. Kxh5 Rg8 42. g5 Be8 43. Rxe6+ Kd7 44. Re1 Ne5+ 45. Kh6 Nxf3 46. Re2
Rg6+ 47. Kh7 Nxg5+ 0-1

[Event "Ct. Catalunya juvenil"]
[Site "?"]
[Date "2011.04.22"]
[Round "4"]
[White "Solani Nuñez, J."]
[Black "Julian Ortin, EM."]
[Result "1/2-1/2"]
[WhiteElo "1886"]
[BlackElo "1745"]
[PlyCount "66"]
[EventDate "2011.??.??"]
[EventType "swiss"]
[EventRounds "8"]

1. d4 Nf6 2. c4 e6 3. Nc3 Bb4 4. Qc2 b6 5. Bg5 Bb7 6. Nf3 O-O 7. e3 c5 8. dxc5
bxc5 9. Be2 Bxc3+ 10. Qxc3 Ne4 11. Bxd8 Nxc3 12. Be7 Re8 13. Bxc5 Nxe2 14. Kxe2
Rc8 15. Ba3 Rxc4 16. Rac1 Rxc1 17. Rxc1 Nc6 18. Bd6 Rc8 19. b4 Nd4+ 20. Kd2
Nxf3+ 21. gxf3 Rxc1 22. Kxc1 Bxf3 23. b5 f6 24. Bc5 a6 25. b6 e5 26. Kd2 Kf7
27. Kd3 f5 28. a4 Ke6 29. a5 g5 30. Bf8 h5 31. Bh6 g4 32. Bg5 Bc6 33. Bd8 Bb7
1/2-1/2

[Event "Ct. Catalunya juvenil"]
[Site "?"]
[Date "2011.04.22"]
[Round "4"]
[White "Torres Morales, F."]
[Black "Bardera Gil, S."]
[Result "0-1"]
[WhiteElo "1746"]
[BlackElo "2025"]
[PlyCount "66"]
[EventDate "2011.??.??"]
[EventType "swiss"]
[EventRounds "8"]

1. e4 c5 2. Nf3 d6 3. d4 cxd4 4. Nxd4 Nf6 5. Nc3 g6 6. Be3 Bg7 7. Bc4 Nc6 8.
Bb3 O-O 9. f3 Bd7 10. Qd2 Rc8 11. O-O-O Ne5 12. Bh6 Nc4 13. Bxc4 Rxc4 14. Bxg7
Kxg7 15. h4 h5 16. g4 Qa5 17. Nb3 Qa6 18. e5 Nxg4 19. fxg4 Bxg4 20. Rde1 dxe5
21. Rxe5 e6 22. Rhe1 Rfc8 23. R5e4 b5 24. Rxc4 Rxc4 25. Qg5 Bf5 26. a3 b4 27.
axb4 Rxb4 28. Kd2 Rxb3 29. Qf4 Rb7 30. Qe5+ Kh7 31. Ne4 Rd7+ 32. Ke3 Bxe4 33.
Qxe4 Qb6+ 0-1

[Event "Ct. Catalunya juvenil"]
[Site "?"]
[Date "2011.04.22"]
[Round "4"]
[White "Triadu Cassa, J."]
[Black "Subirats Ruiz, S."]
[Result "1-0"]
[WhiteElo "2042"]
[BlackElo "2206"]
[PlyCount "81"]
[EventDate "2011.??.??"]
[EventType "swiss"]
[EventRounds "8"]

1. e4 e5 2. Nf3 Nc6 3. Bb5 a6 4. Ba4 Nf6 5. O-O b5 6. Bb3 Bc5 7. Nxe5 Nxe5 8.
d4 Bxd4 9. Qxd4 d6 10. f4 Nc6 11. Qc3 Ne7 12. e5 Ng4 13. Qf3 Rb8 14. e6 f5 15.
Re1 c5 16. c4 d5 17. cxd5 c4 18. Bc2 g6 19. h3 Nf6 20. Be3 Qxd5 21. Qf2 Bxe6
22. Bd4 Kf7 23. Nc3 Qc6 24. Re5 Rhe8 25. Rae1 Ned5 26. Qh4 Nxc3 27. Bxc3 Bd7
28. Kh1 h5 29. Qg5 Ng8 30. Bd1 b4 31. Bf3 Qd6 32. Bd5+ Kf8 33. Bd4 Rbc8 34.
Bxg8 Kxg8 35. Re7 c3 36. Bf6 Rxe7 37. Qxg6+ Kf8 38. Qh6+ Ke8 39. Qh8+ Kf7 40.
Qg7+ Ke8 41. Qg8# 1-0

[Event "Ct. Catalunya juvenil"]
[Site "?"]
[Date "2011.04.22"]
[Round "4"]
[White "Vazquez Kaufmann, D."]
[Black "Campos Cayuelas, A."]
[Result "1-0"]
[WhiteElo "1689"]
[BlackElo "1906"]
[PlyCount "83"]
[EventDate "2011.??.??"]
[EventType "swiss"]
[EventRounds "8"]

1. e4 e6 2. d4 d5 3. Nd2 Nf6 4. e5 Nfd7 5. Bd3 c5 6. c3 Nc6 7. Ne2 cxd4 8. cxd4
f6 9. Nf4 Qe7 10. Nf3 fxe5 11. dxe5 Ndxe5 12. Nxe5 Nxe5 13. Qh5+ Nf7 14. O-O
Qf6 15. Bb5+ Kd8 16. Nxd5 exd5 17. Qxd5+ Bd6 18. Rd1 Qe6 19. Bg5+ Kc7 20. Rac1+
Kb8 21. Rxc8+ Qxc8 22. Qxf7 Rf8 23. Qd5 Bc5 24. Bh4 a6 25. Bd7 Qc7 26. Bg3
Bxf2+ 27. Bxf2 Rxf2 28. Kxf2 Qxh2 29. Rd4 Ka7 30. Qc5+ b6 31. Qe7 Qc7 32. Qd6
Qc2+ 33. Kg1 Qc1+ 34. Kh2 g6 35. Rd2 Qc4 36. Bh3 Rb8 37. g3 Rb7 38. Bg2 Rf7 39.
Qd8 b5 40. Qa8+ Kb6 41. Rd6+ Ka5 42. Qxa6+ 1-0